00649nam a2200193 a 450000100100000000500170001000800410002702000180006804000250008608200150011110000300012624500930015626000290024930000210027849000250029950400730032450400330039783000250043000003743620200930080353.0120418s2004 sp 000 0 spa d a9788400082536 aDO-SdBNPbspacBNPHU axxxxbxxxx1 aBarrera Parrilla, Beatriz10aJaime Sabines :buna poética entre el cuerpo y la palabra /cBeatriz Barrera Parrilla. aSevilla, :bCSIC,c2004. a250 p. ;c21 cm.1 aDifusión y estudio aIncluye referencias bibliográficas y notas al pie de las páginas aBibliografías : p. 237-250 0aDifusión y estudio